Vrecká Sociálnej poisťovne sa prirýchlo vyprázdňujú
Hospodárenie Sociálnej poisťovne (SP) v r. 1999 - deficit 5,7 mld. Sk. Najväčším neplatičom poistného sú Železnice SR. Nedostatok financií na vyplácanie dôchodkov. Pohľadávky a fiškálne saldo SP. Podiel platiteľov na výbere poistného. Pribúdanie neplatičov. Boj o výnosy z privatizácie.
Gespeichert in:
| 1. Verfasser: | |
|---|---|
| Format: | Buchkapitel |
| Sprache: | Slowakisch |
| Schlagworte: | |
| Tags: |
Keine Tags, Fügen Sie das erste Tag hinzu!
|
MARC
| LEADER | 00000naa a2200000 4500 | ||
|---|---|---|---|
| 001 | r037832 | ||
| 005 | 20230921105340.5 | ||
| 041 | 0 | |a slo | |
| 044 | |a SK | ||
| 245 | 1 | 0 | |a Vrecká Sociálnej poisťovne sa prirýchlo vyprázdňujú |c Pavol Suďa |
| 520 | |a Hospodárenie Sociálnej poisťovne (SP) v r. 1999 - deficit 5,7 mld. Sk. Najväčším neplatičom poistného sú Železnice SR. Nedostatok financií na vyplácanie dôchodkov. Pohľadávky a fiškálne saldo SP. Podiel platiteľov na výbere poistného. Pribúdanie neplatičov. Boj o výnosy z privatizácie. | ||
| 610 | 2 | 0 | |a hospodárenie finančné |
| 610 | 2 | 0 | |a deficit |
| 610 | 2 | 0 | |a dôchodky |
| 610 | 2 | 0 | |a pohľadávky |
| 610 | 2 | 0 | |a saldo |
| 610 | 2 | 0 | |a poistné |
| 610 | 2 | 0 | |a príjmy |
| 610 | 2 | 0 | |a výdavky |
| 610 | 2 | 0 | |a Sociálna poisťovňa, a.s. Bratislava |
| 610 | 2 | 0 | |a 1999 |
| 100 | 1 | |a Suďa, Pavol | |